[Event "Titled Tuesday intern op 29th Aug Late"]
[Site "Chess.com INT"]
[Date "2023.08.29"]
[Round "5"]
[White "Green, Austen"]
[Black "Skaric, Djuro"]
[Result "1-0"]
[WhiteElo "1965"]
[BlackElo "2334"]
[PlyCount "53"]
[EventDate "2023.08.29"]
[EventType "swiss (blitz)"]
[EventRounds "11"]
[EventCountry "USA"]
[SourceTitle "EXT 2024"]
[Source "ChessBase"]
[SourceDate "2023.10.10"]
[SourceVersion "1"]
[SourceVersionDate "2023.10.10"]
[SourceQuality "1"]

1. e4 d6 2. d4 g6 3. Nc3 Bg7 4. Be3 Nf6 5. f3 0-0 6. Qd2 Nc6 7. 0-0-0 h5 8. Bh6 Kh7 9. Bxg7 Kxg7 10. Nge2 a6 11. g3 b5 12. a3 Rh8 13. Bg2 e5 14. h4 Rb8 15. Nd5 exd4 16. Nxd4 Ne5 17. f4 Nc4 18. Qc3 c5 19. Nc6 b4 20. Qxc4 Nxd5 21. Nxd8 bxa3 22. Nc6 axb2+ 23. Kb1 Nb6 24. Qc3+ f6 25. Nxb8 Be6 26. Rxd6 Rxb8 27. Rxe6 1-0

[Event "Titled Tuesday intern op 20th Oct"]
[Site "Chess.com INT"]
[Date "2020.10.20"]
[Round "1"]
[White "Green, Austen"]
[Black "Vastrukhin, Oleg"]
[Result "0-1"]
[WhiteElo "2120"]
[BlackElo "2401"]
[PlyCount "98"]
[EventDate "2020.10.20"]
[EventType "swiss (blitz)"]
[EventRounds "11"]
[EventCountry "USA"]
[SourceTitle "EXT 2022"]
[Source "ChessBase"]
[SourceDate "2021.10.06"]
[SourceVersion "1"]
[SourceVersionDate "2021.10.06"]
[SourceQuality "1"]

1. e4 e6 2. d4 d5 3. Nc3 Bb4 4. e5 c5 5. Bd2 Nc6 6. Nb5 Bxd2+ 7. Qxd2 Nxd4 8. Nxd4 cxd4 9. f4 Ne7 10. Nf3 0-0 11. 0-0-0 Nc6 12. Nxd4 f6 13. exf6 Qxf6 14. g3 Bd7 15. Bg2 Rac8 16. Kb1 Be8 17. Rhe1 Nxd4 18. Qxd4 Bg6 19. Re2 Rc6 20. Qxf6 gxf6 21. Kc1 Rfc8 22. c3 b5 23. a3 a5 24. Rd4 h5 25. Bf3 Kg7 26. Kd2 Rb8 27. Ke1 Kf7 28. Kf2 Rc4 29. Red2 Ke7 30. Kg2 Kd6 31. Kh3 Kc5 32. Kh4 b4 33. axb4+ axb4 34. Rxc4+ Kxc4 35. cxb4 Rxb4 36. Bxh5 Bxh5 37. Kxh5 e5 38. fxe5 fxe5 39. g4 e4 40. g5 e3 41. Rg2 Kd3 42. g6 e2 43. Rg1 Kd2 44. g7 Rb8 45. b4 d4 46. b5 e1Q 47. Rxe1 Kxe1 48. Kg6 d3 49. Kf7 d2 0-1

[Event "Titled Tuesday intern op 29th Sept"]
[Site "Chess.com INT"]
[Date "2020.09.29"]
[Round "10"]
[White "Stany, George Anthony"]
[Black "Green, Austen"]
[Result "1-0"]
[WhiteElo "2522"]
[BlackElo "2126"]
[PlyCount "49"]
[EventDate "2020.09.29"]
[EventType "swiss (blitz)"]
[EventRounds "10"]
[EventCountry "USA"]
[SourceTitle "CBM 198 Extra"]
[Source "ChessBase"]
[SourceDate "2020.11.30"]
[SourceVersion "1"]
[SourceVersionDate "2020.11.30"]
[SourceQuality "1"]

1. d4 f5 2. g3 Nf6 3. Bg2 d6 4. c4 g6 5. Nc3 Bg7 6. Nf3 0-0 7. 0-0 Qe8 8. Rb1 a5 9. a3 c6 10. b4 axb4 11. axb4 e5 12. d5 Na6 13. dxc6 e4 14. cxb7 Bxb7 15. Nd4 Ng4 16. Ncb5 Qe7 17. Bf4 Ne5 18. Qb3 Kh8 19. Rfd1 Rac8 20. Rbc1 g5 21. Bxg5 Qxg5 22. Nxd6 Qe7 23. N4xf5 Rxf5 24. Nxf5 Qf7 25. Nd6 1-0

[Event "PNWCC Online Masters"]
[Site "Chess.com INT"]
[Date "2020.05.25"]
[Round "8.32"]
[White "Green, Austen"]
[Black "Jiang, Brandon"]
[Result "1/2-1/2"]
[WhiteElo "2126"]
[BlackElo "1954"]
[PlyCount "84"]
[EventDate "2020.05.23"]
[EventType "swiss (rapid)"]
[EventRounds "9"]
[EventCountry "USA"]
[SourceTitle "CBM 196 Extra"]
[Source "ChessBase"]
[SourceDate "2020.07.31"]
[SourceVersion "1"]
[SourceVersionDate "2020.07.31"]
[SourceQuality "1"]

1. e4 c5 2. Nf3 Nc6 3. d4 cxd4 4. Nxd4 Nf6 5. Nc3 e5 6. Ndb5 d6 7. Bg5 a6 8. Na3 b5 9. Nd5 Be7 10. Bxf6 Bxf6 11. c3 0-0 12. Nc2 Bg5 13. a4 bxa4 14. Rxa4 a5 15. Bc4 Rb8 16. b3 Kh8 17. Nce3 f5 18. exf5 Bxf5 19. Nxf5 Rxf5 20. Bd3 Rf8 21. 0-0 Qd7 22. Bc2 Nd8 23. Qh5 Bh6 24. Rxa5 Nb7 25. Ra2 Nc5 26. b4 Ne6 27. g3 Qc6 28. Ra5 Qc4 29. h4 Rbe8 30. Qd1 e4 31. Re1 Nd8 32. Ba4 Re5 33. Bb3 Qc8 34. Bc2 Nc6 35. Ra2 e3 36. f4 Qh3 37. fxe5 Qxg3+ 38. Kh1 Qxh4+ 39. Kg1 Qg3+ 40. Kh1 Nxe5 41. Rf1 Qh3+ 42. Kg1 Qg3+ 1/2-1/2

[Event "Southwest op 85th"]
[Site "Irving"]
[Date "2019.08.29"]
[Round "1"]
[White "Fernandez, Daniel"]
[Black "Green, Austen"]
[Result "1-0"]
[WhiteElo "2466"]
[BlackElo "2103"]
[PlyCount "43"]
[EventDate "2019.08.29"]
[EventType "swiss"]
[EventRounds "9"]
[EventCountry "USA"]
[SourceTitle "EXT 2020"]
[Source "ChessBase"]
[SourceDate "2019.10.17"]
[SourceVersion "1"]
[SourceVersionDate "2019.10.17"]
[SourceQuality "1"]

1. Nf3 f5 2. g3 Nf6 3. Bg2 g6 4. 0-0 Bg7 5. c4 0-0 6. Nc3 d6 7. d3 Nc6 8. Rb1 e5 9. b4 h6 10. b5 Ne7 11. c5 g5 12. cxd6 cxd6 13. Ba3 Be6 14. Nd2 Qd7 15. Nc4 Ne8 16. Qa4 e4 17. Rbc1 Rc8 18. Qxa7 Qd8 19. Bb4 d5 20. Nb6 Bd4 21. Bxe7 Bxb6 22. Qa3 1-0

[Event "US Masters op"]
[Site "Greensboro"]
[Date "2019.08.22"]
[Round "3"]
[White "Fischer, Robert"]
[Black "Green, Austen"]
[Result "0-1"]
[WhiteElo "1874"]
[BlackElo "2103"]
[PlyCount "62"]
[EventDate "2019.08.21"]
[EventType "swiss"]
[EventRounds "9"]
[EventCountry "USA"]
[SourceTitle "EXT 2020"]
[Source "ChessBase"]
[SourceDate "2019.10.17"]
[SourceVersion "1"]
[SourceVersionDate "2019.10.17"]
[SourceQuality "1"]

1. d4 f5 2. Bg5 g6 3. Nc3 Bg7 4. e4 fxe4 5. Nxe4 d5 6. Nc3 Nc6 7. Nf3 Nf6 8. Ne5 0-0 9. Be2 a6 10. Nxc6 bxc6 11. h4 Qd6 12. Qd2 Ng4 13. Bf3 e5 14. dxe5 Nxe5 15. Be2 Ng4 16. Bxg4 Bxg4 17. 0-0 Rab8 18. Rab1 Bf5 19. Bf4 Qe7 20. Bg5 Qb4 21. Rfe1 Rfe8 22. Rxe8+ Rxe8 23. Re1 Rxe1+ 24. Qxe1 h6 25. Bc1 Kf7 26. Qe2 Qxh4 27. Qxa6 Be5 28. Bd2 Qh2+ 29. Kf1 Qh1+ 30. Ke2 Bg4+ 31. Ke3 Qxg2 0-1

[Event "US Masters op"]
[Site "Greensboro"]
[Date "2019.08.22"]
[Round "2"]
[White "Green, Austen"]
[Black "He, Anthony B"]
[Result "0-1"]
[WhiteElo "2103"]
[BlackElo "2346"]
[PlyCount "52"]
[EventDate "2019.08.21"]
[EventType "swiss"]
[EventRounds "9"]
[EventCountry "USA"]
[SourceTitle "EXT 2020"]
[Source "ChessBase"]
[SourceDate "2019.10.17"]
[SourceVersion "1"]
[SourceVersionDate "2019.10.17"]
[SourceQuality "1"]

1. e4 c5 2. Nf3 Nc6 3. d4 cxd4 4. Nxd4 Nf6 5. Nc3 d6 6. Bg5 e6 7. Qd2 a6 8. 0-0-0 Bd7 9. f4 Be7 10. Nf3 b5 11. e5 b4 12. exf6 bxc3 13. Qxc3 gxf6 14. Bh4 a5 15. a3 Rc8 16. Nd4 Rg8 17. Nxc6 Bxc6 18. Ba6 Bb7 19. Bb5+ Kf8 20. Qd3 Rxg2 21. c3 Qb6 22. a4 f5 23. Bxe7+ Kxe7 24. Rhe1 Be4 25. Rxe4 fxe4 26. Qh3 Qf2 0-1

[Event "Southwest op 84th"]
[Site "Irving"]
[Date "2018.09.03"]
[Round "8"]
[White "Daggupati, Balaji"]
[Black "Green, Austen"]
[Result "1-0"]
[WhiteElo "2226"]
[BlackElo "2066"]
[PlyCount "71"]
[EventDate "2018.08.30"]
[EventType "swiss"]
[EventRounds "9"]
[EventCountry "USA"]
[SourceTitle "CBM 186 Extra"]
[Source "ChessBase"]
[SourceDate "2018.08.24"]
[SourceVersion "1"]
[SourceVersionDate "2018.08.24"]
[SourceQuality "1"]

1. e4 c5 2. Nf3 e6 3. d4 cxd4 4. Nxd4 Nc6 5. Nc3 Nf6 6. a3 d5 7. Bb5 Bd7 8. exd5 Nxd5 9. Nxd5 exd5 10. 0-0 Be7 11. Ba4 0-0 12. Bb3 Bf6 13. Be3 Be6 14. Nxe6 fxe6 15. c3 Qd6 16. Qd2 Rad8 17. Rad1 Ne5 18. Qe2 Qc6 19. Rfe1 Rfe8 20. Bxa7 b6 21. Qa6 Re7 22. Qxb6 Rb7 23. Qxc6 Nxc6 24. Rxe6 Nxa7 25. Bxd5 Rxd5 26. Rxd5 Rxb2 27. g3 Kf7 28. Ra6 Nb5 29. Rd7+ Kg6 30. c4 Nc3 31. c5 Kf5 32. c6 Ke6 33. Rd3 Rc2 34. c7+ Kf7 35. Rd7+ Kg6 36. Ra8 1-0

[Event "Southwest op 84th"]
[Site "Irving"]
[Date "2018.08.30"]
[Round "1"]
[White "Green, Austen"]
[Black "Arribas Lopez, Angel"]
[Result "0-1"]
[WhiteElo "2066"]
[BlackElo "2460"]
[PlyCount "64"]
[EventDate "2018.08.30"]
[EventType "swiss"]
[EventRounds "9"]
[EventCountry "USA"]
[SourceTitle "CBM 186 Extra"]
[Source "ChessBase"]
[SourceDate "2018.08.24"]
[SourceVersion "1"]
[SourceVersionDate "2018.08.24"]
[SourceQuality "1"]

1. e4 c5 2. Nf3 d6 3. d4 cxd4 4. Nxd4 Nf6 5. Nc3 g6 6. Be3 Bg7 7. f3 Nc6 8. Qd2 0-0 9. 0-0-0 d5 10. Kb1 Qd7 11. h4 dxe4 12. Nxc6 Qxc6 13. h5 gxh5 14. Bb5 Qc7 15. Bf4 Qc5 16. Be3 Qf5 17. g4 hxg4 18. fxg4 Nxg4 19. Nd5 Qe5 20. c3 Nxe3 21. Qxe3 Bg4 22. Rdg1 f5 23. Bc4 Kh8 24. Rxh7+ Kxh7 25. Rh1+ Kg6 26. Nf4+ Kf6 27. Nh5+ Bxh5 28. Rxh5 e6 29. Qg5+ Kf7 30. Rh7 Rg8 31. Qh5+ Kf8 32. Qg6 Re8 0-1

[Event "Southwest Class-ch 7th"]
[Site "Dallas"]
[Date "2016.02.14"]
[Round "6"]
[White "Green, Austen"]
[Black "Ynojosa Aponte, Felix Jose"]
[Result "1/2-1/2"]
[WhiteElo "2054"]
[BlackElo "2409"]
[PlyCount "125"]
[EventDate "2016.02.11"]
[EventType "swiss"]
[EventRounds "9"]
[EventCountry "USA"]
[SourceTitle "EXT 2018"]
[Source "ChessBase"]
[SourceDate "2017.10.13"]
[SourceVersion "1"]
[SourceVersionDate "2017.10.13"]
[SourceQuality "1"]

1. e4 c5 2. Nf3 Nc6 3. d4 cxd4 4. Nxd4 e5 5. Nb5 d6 6. N1c3 a6 7. Na3 b5 8. Nd5 Nce7 9. c4 Nxd5 10. exd5 bxc4 11. Nxc4 Be7 12. Be3 Rb8 13. a4 f5 14. a5 f4 15. Ba7 Ra8 16. Bb6 Qd7 17. Bd3 Bb7 18. Bc2 Kf8 19. Ba4 Qf5 20. 0-0 Nf6 21. Bc7 Qc8 22. Nxd6 Qxc7 23. Nxb7 Qxb7 24. Bc6 Qb8 25. Bxa8 Qxa8 26. d6 Bd8 27. b4 Kf7 28. Rc1 Qb7 29. Qa4 Re8 30. Rc6 e4 31. Qb3+ Kg6 32. Qc4 e3 33. f3 e2 34. Re1 Qa7+ 35. Kh1 Qf2 36. Qd3+ Kh6 37. Rcc1 Re5 38. d7 Re6 39. Qc4 Qe3 40. Rc2 Rd6 41. Rcxe2 Qd4 42. Qxd4 Rxd4 43. Re6 Rxb4 44. Rd1 Bxa5 45. Rxa6 Bc7 46. Ra7 Bb6 47. Rb7 Nxd7 48. Rbxd7 Be3 49. R7d5 Ra4 50. Rf1 Ra6 51. h4 Kg6 52. Kh2 h5 53. Rfd1 Kh6 54. Rd6+ Rxd6 55. Rxd6+ g6 56. g3 Kg7 57. Re6 Bf2 58. gxf4 Bxh4 59. Kh3 Bf2 60. Rc6 Kf7 61. Rc2 Be1 62. Re2 Bc3 63. Rc2 1/2-1/2

[Event "Southwest Class-ch 7th"]
[Site "Dallas"]
[Date "2016.02.13"]
[Round "5"]
[White "Green, Austen"]
[Black "Wang, Michael1111"]
[Result "1-0"]
[WhiteElo "2054"]
[BlackElo "2197"]
[PlyCount "199"]
[EventDate "2016.02.11"]
[EventType "swiss"]
[EventRounds "9"]
[EventCountry "USA"]
[SourceTitle "EXT 2018"]
[Source "ChessBase"]
[SourceDate "2017.10.13"]
[SourceVersion "1"]
[SourceVersionDate "2017.10.13"]
[SourceQuality "1"]

1. e4 e5 2. Nf3 Nc6 3. Bb5 Nf6 4. d3 d6 5. c3 Bd7 6. 0-0 g6 7. Re1 Bg7 8. Nbd2 0-0 9. Nf1 Nh5 10. Be3 Kh8 11. Ng3 Nxg3 12. fxg3 f5 13. Qd2 Qe8 14. Rf1 Rd8 15. Rf2 a6 16. Ba4 Na5 17. Bc2 fxe4 18. dxe4 Nc4 19. Qc1 Nxe3 20. Qxe3 Qe7 21. Raf1 Rf6 22. Bb3 Bb5 23. c4 Bc6 24. Bc2 b5 25. Bd3 Rdf8 26. b3 h6 27. Nh4 Kh7 28. Rxf6 Bxf6 29. Qa7 Ra8 30. Qf2 Kg7 31. Qf3 Bd7 32. Qe2 c6 33. Nf3 Qd8 34. Rd1 Qb6+ 35. Qf2 Qxf2+ 36. Kxf2 Kf7 37. Be2 Ke7 38. Ke3 Be6 39. Rc1 Kd7 40. Bd3 Rg8 41. Rf1 Ke7 42. Rc1 Rc8 43. Rc2 Bd7 44. Be2 Rb8 45. Nh4 Bg5+ 46. Kf2 Rf8+ 47. Nf3 h5 48. Bd3 Bf6 49. Ke1 Rb8 50. Nh4 Be8 51. Nf3 Kd7 52. Be2 Bf7 53. Nd2 Bg5 54. g4 Rh8 55. Nf3 Bf6 56. g5 Bg7 57. h4 Be6 58. Bf1 Rf8 59. Kf2 Bg4 60. Bd3 Rf4 61. Kg3 Be6 62. Kf2 Rf8 63. Ke3 Rf7 64. Rc1 Bf8 65. Be2 Be7 66. Nh2 Rf4 67. g3 Rf8 68. Rf1 Rh8 69. Kd2 Kc7 70. Kc3 Kb6 71. Rf2 Kc5 72. Bf1 Bd8 73. a3 bxc4 74. Bxc4 Bxc4 75. bxc4 Ba5+ 76. Kc2 Be1 77. Rf3 Kxc4 78. Nf1 Rg8 79. Rf6 Kc5 80. Kd3 a5 81. Ke2 Bc3 82. Ne3 a4 83. Nc2 Bb2 84. Kd3 d5 85. Nb4 Bxa3 86. Nxc6 dxe4+ 87. Kxe4 Bb2 88. Ne7 Ra8 89. Nxg6 a3 90. Nf8 a2 91. Ne6+ Kc4 92. Rf1 Re8 93. Ng7 Rf8 94. Rh1 a1Q 95. Rxa1 Bxa1 96. Nxh5 Kc5 97. Nf6 Kd6 98. Nh7 Ke6 99. Nxf8+ Kf7 100. Nd7 1-0

[Event "Southwest Class-ch 7th"]
[Site "Dallas"]
[Date "2016.02.12"]
[Round "2"]
[White "Yanayt, Eugene"]
[Black "Green, Austen"]
[Result "0-1"]
[WhiteElo "2190"]
[BlackElo "2054"]
[PlyCount "68"]
[EventDate "2016.02.11"]
[EventType "swiss"]
[EventRounds "9"]
[EventCountry "USA"]
[SourceTitle "EXT 2018"]
[Source "ChessBase"]
[SourceDate "2017.10.13"]
[SourceVersion "1"]
[SourceVersionDate "2017.10.13"]
[SourceQuality "1"]

1. d4 f5 2. g3 Nf6 3. Bg2 g6 4. Nf3 Bg7 5. 0-0 0-0 6. c4 d6 7. Nc3 Qe8 8. d5 a5 9. Nd4 Na6 10. Rb1 Bd7 11. b3 c6 12. Bb2 Nc5 13. e3 Nce4 14. dxc6 bxc6 15. Qe2 e5 16. Nc2 g5 17. Rfd1 d5 18. Na4 Rb8 19. Ba3 g4 20. Bxf8 Bxf8 21. Qd3 Qh5 22. Qf1 Ng5 23. Ne1 Nf3+ 24. Bxf3 gxf3 25. Nd3 f4 26. exf4 Bh3 27. Qe1 e4 28. Ne5 Bg2 29. Nc3 Bb4 30. a3 Bxc3 31. Qxc3 Qh3 32. Qe1 Re8 33. cxd5 Rxe5 34. dxc6 Qxh2+ 0-1

[Event "Las Vegas National op"]
[Site "Las Vegas"]
[Date "2015.06.21"]
[Round "5"]
[White "Green, Austen"]
[Black "Niemann, Hans Moke"]
[Result "0-1"]
[WhiteElo "2062"]
[BlackElo "2180"]
[PlyCount "48"]
[EventDate "2015.06.19"]
[EventType "swiss"]
[EventRounds "6"]
[EventCountry "USA"]
[SourceTitle "CBM 167 Extra"]
[Source "ChessBase"]
[SourceDate "2015.09.14"]
[SourceVersion "1"]
[SourceVersionDate "2015.09.14"]
[SourceQuality "1"]

1. e4 c5 2. Nf3 d6 3. d4 Nf6 4. Nc3 cxd4 5. Nxd4 Nc6 6. f3 e5 7. Nb3 Be6 8. Bg5 Be7 9. Bxf6 Bxf6 10. Nd5 Bg5 11. Be2 0-0 12. 0-0 g6 13. Kh1 Kh8 14. f4 exf4 15. Nxf4 Bf6 16. c3 Be5 17. Nd4 Bd7 18. g3 a6 19. Nf3 Bxf4 20. gxf4 Qe7 21. Qd5 f5 22. Rad1 fxe4 23. Ng5 Bf5 24. Qxd6 h6 0-1

[Event "Red River Shootout 08th"]
[Site "Davis"]
[Date "2010.04.18"]
[Round "2"]
[White "Hulsey, Mark A"]
[Black "Green, Austen"]
[Result "0-1"]
[WhiteElo "2165"]
[BlackElo "2068"]
[PlyCount "64"]
[EventDate "2010.04.18"]
[EventType "team-match"]
[EventRounds "2"]
[EventCountry "USA"]
[SourceTitle "CBM 136 Extra"]
[Source "ChessBase"]
[SourceDate "2010.07.02"]
[SourceVersion "2"]
[SourceVersionDate "2010.07.15"]
[SourceQuality "1"]

1. Nf3 c5 2. c4 Nc6 3. g3 Nf6 4. Bg2 e6 5. 0-0 d5 6. b3 d4 7. e3 e5 8. exd4 exd4 9. d3 Be7 10. Na3 0-0 11. Bf4 Bf5 12. Ne5 Rc8 13. Nxc6 bxc6 14. Nc2 Bd6 15. Qd2 Bxf4 16. gxf4 Nh5 17. Rae1 Qh4 18. Re5 g6 19. f3 Nxf4 20. Rxc5 Bxd3 21. Rd1 Bxc2 22. Qxc2 d3 23. Qf2 Qe7 24. Bf1 Ne2+ 25. Bxe2 dxe2 26. Re1 Rfe8 27. Ra5 c5 28. a3 Rc7 29. Rb5 a6 30. Rb6 Rd7 31. b4 Rd1 32. bxc5 Qg5+ 0-1